000
00241 a2200097 4500
001
61990
090
_c
37157
_d
37157
100
_a
Longhurst,A.T
245
_a
I Can Draw:Dinosaurs.On the Farm. Trucks&Cars Sharks, Wheels
260
_b
Parragon Queen BAI
942
_a
NUST-CAE
999
_c
297063
_d
297063